00286nam a2200109Ia 4500008004100000100002700041245002800068260003600096650002000132942000700152999001700159190216s9999||||xx |||||||||||||| ||und|| aKunhi Kuttan Thamburan 0aGadhyamanjary 2nd Part bCalicut University Publications aEssay Malayalam cBK c25417d25417